Filosofía del derecho

Saved in:
Bibliografiske detaljer
Hovedforfatter: García Máynez, Eduardo (Author)
Format: Bog
Sprog:spansk
Udgivet: Ciudad de México Porrúa 1986
Udgivelse:5a. ed
Fag:
Tags: Tilføj Tag
Ingen Tags, Vær først til at tagge denne postø!

MARC

LEADER 00000nam a2200000 a 4500
001 UCV2471
003 CL-VaPUC
008 920730e19860000MX |||||||||||||||||spa|d
082 0 4 |a 340.1  |b GAR  |2 21 
100 |a García Máynez, Eduardo  |e author  |9 621951 
245 1 0 |a Filosofía del derecho 
250 |a 5a. ed 
300 |a 542 p 
942 |c BK 
945 |d 19920730 00:00:00 
260 |a Ciudad de México  |b Porrúa  |c 1986 
650 0 |a Filosofía del derecho   |9 255050 
583 |a last modification  |c 19920730 00:00:00  |k Rodrigo Vera 
999 |c 210033  |d 210031 
952 |0 0  |1 0  |4 0  |6 340_100000000000000_GAR_1986  |7 0  |8 DER_TF  |9 185980  |a BIBDER  |b BIBDER  |d 2019-11-14  |i 2534800  |l 1  |o 340.1 GAR 1986  |p 2534800  |r 2023-01-25  |s 2022-07-11  |w 2019-11-14  |x Ubicación 4to Piso  |y BK  |z Estos recursos deben solicitarse con anticipación  |k DER